Catálogo público

Principios de tecnología azucarera / (Record no. 173287)

MARC details
000 -CABECERA
campo de control de longitud fija 00912nam a2200289Ia 4500
001 - NÚMERO DE CONTROL
campo de control dia_2786
003 - IDENTIFICADOR DEL NÚMERO DE CONTROL
campo de control CHAP
005 - FECHA Y HORA DE LA ÚLTIMA TRANSACCIÓN
campo de control 20230508110930.0
008 - DATOS DE LONGITUD FIJA--INFORMACIÓN GENERAL
campo de control de longitud fija 220117s1969 xx 000 0 und d
010 ## - NÚMERO DE CONTROL DE LA BIBLIOTECA DEL CONGRESO
Número de control de LC 173287
040 ## - FUENTE DE LA CATALOGACIÓN
Centro/agencia transcriptor CHAP
082 ## - NÚMERO DE LA CLASIFICACIÓN DECIMAL DEWEY
Número de clasificación 664.1 H66 1969
100 ## - ENTRADA PRINCIPAL--NOMBRE DE PERSONA
Nombre de persona Honig, Pieter
9 (RLIN) 56143
245 ## - MENCIÓN DE TÍTULO
Título Principios de tecnología azucarera /
Mención de responsabilidad, etc. Pieter Honig ; traducción José Luis Esparza Delgado
260 ## - PUBLICACIÓN, DISTRIBUCIÓN, ETC.
Lugar de publicación, distribución, etc. México :
Nombre del editor, distribuidor, etc. CECSA,
Fecha de publicación, distribución, etc. 1969
300 ## - DESCRIPCIÓN FÍSICA
Extensión 3 v.
500 ## - NOTA GENERAL
Nota general Título original: Principles of sugar technology
504 ## - NOTA DE BIBLIOGRAFÍA, ETC.
Nota de bibliografía, etc. Incluye bibliografías
590 ## - NOTA LOCAL (RLIN)
Nota local TP377 H66 1969
650 ## - PUNTO DE ACCESO ADICIONAL DE MATERIA--TÉRMINO DE MATERIA
Término de materia o nombre geográfico como elemento de entrada Azúcar
Subdivisión general Fabricación y refinación
9 (RLIN) 9152
650 ## - PUNTO DE ACCESO ADICIONAL DE MATERIA--TÉRMINO DE MATERIA
Término de materia o nombre geográfico como elemento de entrada Tecnología azucarera
9 (RLIN) 153501
700 ## - PUNTO DE ACCESO ADICIONAL--NOMBRE DE PERSONA
Nombre de persona Esparza Delgado, José Luis, tr.
9 (RLIN) 153502
901 ## - ELEMENTOS DE DATOS A LOCAL LDA (RLIN)
a 664.1 H66 1969
902 ## - ELEMENTOS DE DATOS B LOCAL, LDB (RLIN)
a M
905 ## - ELEMENTOS DE DATOS E LOCAL, LDE (RLIN)
a 5222271969 mx aimn8222223322spa16
942 ## - ELEMENTOS DE PUNTO DE ACCESO ADICIONAL (KOHA)
Tipo de ítem Koha Libro
Fuente del sistema de clasificación o colocación Dewey Decimal Classification
Holdings
Estado de retiro Estado de pérdida Fuente del sistema de clasificación o colocación Estado dañado No para préstamo Código de colección Localización permanente Ubicación/localización actual Fecha de adquisición Información codificada de la localización en otra ubicación Enumeración/cronología de publicación seriada Total de préstamos Signatura topográfica completa Código de barras Fecha visto por última vez Fecha del último préstamo Número de copia Precio válido a partir de Tipo de ítem Koha
    Dewey Decimal Classification     General Ingenieria Agroindustrial Ingenieria Agroindustrial 18/01/2022 1 Volumen: 3 2 664.1 H66 1969 dia_001894 06/06/2025 06/06/2025 1 18/01/2022 Libro
    Dewey Decimal Classification     General Ingenieria Agroindustrial Ingenieria Agroindustrial 18/01/2022 1 Volumen: 1 2 664.1 H66 1969 dia_001892 07/02/2023 07/02/2023 1 18/01/2022 Libro
    Dewey Decimal Classification     General Ingenieria Agroindustrial Ingenieria Agroindustrial 18/01/2022 1 Volumen: 2 1 664.1 H66 1969 dia_001893 30/11/2022 30/11/2022 1 18/01/2022 Libro